=LDR 00000nam 2200000 4500 =001 INLIS000000000019406 =005 20130612114454 =008 ***********************************Ind** =035 ##$$0010-061300000019406 =041 ##$$a Ind =082 ##$$a 649.3 =090 ##$$a 649.3, Ric r =100 ##$$a Rickard, Jonny =245 ##$$a Relaxatin for children, relasi untuk anak-anak, Jenny Richard ; penerjemah, Tantiani Hidayah, BBA, M.Sc =260 ##$$a 2000 $b jakarta =300 ##$$a xii, 185 hlm, 23 cm =650 ##$$a Anak Perawatan =850 ##$$a NBPNMAT